LIBRARY & INFORMATION CENTRE, KCAET, TAVANUR

ONLINE PUBLIC ACCESS CATALOGUE (OPAC)

Coffee, cocoa and tea / (Record no. 13795)

MARC details
000 -LEADER
fixed length control field 00520aam a2200205 a 4500
020 ## - INTERNATIONAL STANDARD BOOK NUMBER
ISBN 0851989195 (alk. paper)
082 00 - DEWEY DECIMAL CLASSIFICATION NUMBER
Classification number 633.73
Item number WIL/CO
100 1# - MAIN ENTRY--AUTHOR NAME
Personal name Willson, K. C.
245 10 - TITLE STATEMENT
Title Coffee, cocoa and tea /
260 ## - PUBLICATION, DISTRIBUTION, ETC. (IMPRINT)
Place of publication New York :
Name of publisher CABI Pub.,
Year of publication 1999.
300 ## - PHYSICAL DESCRIPTION
Number of Pages xi, 300 p. :
Other physical details ill. ;
490 0# - SERIES STATEMENT
Series statement Crop production science in horticulture series ;
650 #0 - SUBJECT ADDED ENTRY--TOPICAL TERM
Topical Term Coffee.
650 #0 - SUBJECT ADDED ENTRY--TOPICAL TERM
Topical Term Cocoa
650 #0 - SUBJECT ADDED ENTRY--TOPICAL TERM
Topical Term Tea.
650 #0 - SUBJECT ADDED ENTRY--TOPICAL TERM
Topical Term Coffee industry.
650 #0 - SUBJECT ADDED ENTRY--TOPICAL TERM
Topical Term Cocoa trade.
650 #0 - SUBJECT ADDED ENTRY--TOPICAL TERM
Topical Term Tea trade.
942 ## - ADDED ENTRY ELEMENTS (KOHA)
Koha item type Books
Holdings
Withdrawn status Lost status Damaged status Collection code Home library Current library Shelving location Date acquired Source of acquisition Cost, normal purchase price Full call number Accession Number Koha item type
      Reference KAUAET KAUAET Reference1 31/03/2012 Penta Book Distributors, Calicut 3284.00 633.73 WIL/CO 23327 Reference
free website counter